Responses for Show #6375 - Friday, May 11, 2012

2012 Teen Tournament final game 2.
From DAR Constitution Hall in Washington, D.C.

Contestants

[<< previous game]

Rose Schaefer, a junior from Portland, Oregon (subtotal of $12,400)

Catherine Briley, a senior from Grand Prairie, Louisiana (subtotal of $10,000)

Elyse Mancuso, a junior from Omaha, Nebraska (subtotal of $23,200)

[next game >>]

Jeopardy! Round responses

MAY DAYS
BEVERAGES
I LOVE METAL
HISTORICAL ENTERTAINMENT
PEOPLE
1, 2, 3, "GO"
(Alex: Each correct response will be five letters long and will end in a "G" and an "O".)
    $200 26
Henry VIII

Elyse
    $200 3
milk

Rose
    $200 1
iron

Elyse
    $200 13
Iraq

Catherine
    $200 21
Benedict XVI

Rose
    $200 8
the get-go

Catherine
    $400 27
(Edmund) Hillary

Rose
    $400 4
Delight

Rose
    $400 2
the melting point

Catherine
    $400 14
Al Capone

Rose
    $400 22
Whitney Houston

Elyse
    $400 9
cargo

Catherine
    $600 28
Jamestown

Catherine
    $600 5
(Rose: What is Coca-Cola?)

Pepsi

CatherineRose
    $600 16
copper

Elyse
    $600 15
Nelson Mandela

Elyse
    $600 23
North Korea

Catherine
    $600 10
forgo

Catherine
    $800 30
Mexico

Rose
    $800 6
Evian

Rose
    $800 17
(Catherine: What are nitrogen and cadmium?)

nickel and cadmium

ElyseCatherine
    $3,400 19
Winston Churchill

Catherine
    $800 24
Steve Jobs

Elyse
    $800 11
lingo

Rose
    $1000 29
Margaret Thatcher

Rose
    $1000 7
Starbucks

Catherine
    $1000 18
bronze

Catherine
    $1000 20
John Hancock

Catherine
    $1000 25
Vera Wang

Rose
    $1000 12
tango

Catherine

Scores at the first commercial break (after clue 15):

Elyse Catherine Rose
$800 $4,400 $2,000

Scores at the end of the Jeopardy! Round:

Elyse Catherine Rose
$3,600 $10,200 $5,400

Double Jeopardy! Round responses

PRE-CIVIL WAR AMERICA
RECENT OLYMPIC MEDALISTS
"B" WHERE?
(Alex: Each correct response will begin with the letter B.)
HODGEPODGE
(Alex: A little bit of everything.)
LITERARY CHARACTERS
(Alex: The correct response is...)
ALSO A MUSICAL TERM
    $400 26
Cornwallis

Catherine
    $400 4
fencing

Elyse
    $400 15
Belgium

Catherine
    $400 13
an ostrich

Elyse
    $400 2
(Alex: He's the one!)

Ahab

Rose
    $400 1
minor & major

Rose
    $800 27
Niagara Falls

Rose
    $800 12
Shaun White

Rose
    $800 16
Bangladesh

Elyse
    $800 14
Ellis Island

Catherine
    $800 3
Bella

Catherine
    $800 5
(Catherine: What is a union?)
...
(Alex: [*]--that's a musical term.)

a movement

ElyseCatherine
    $4,000 28
Dred Scott

Rose
    $1200 21
Canada

Catherine
    $1200 17
Belize

Catherine
    $1200 20
Geronimo

Catherine
    $1200 9
(Alex: The Hunchback of Notre Dame.)

Quasimodo

Elyse
    $1200 6
scale

Triple Stumper
    $1600 29
the Iroquois Confederacy

Elyse
    $1600 22
Usain Bolt

Elyse
    $1600 18
the Bahamas

Elyse
    $1600 24
Longfellow

Elyse
    $1600 10
Madame Bovary

Triple Stumper
    $4,800 7
instrumental

Elyse
    $2000 30
the XYZ Affair

Elyse
    $2000 23
a biathlon

Elyse
    $2000 19
Lake Baikal

Elyse
    $2000 25
the Blue Fairy

Elyse
    $2000 11
Pippi Longstocking

Catherine
    $2000 8
(Catherine: What is an arc?)

a chord

ElyseCatherine

Scores at the end of the Double Jeopardy! Round:

Elyse Catherine Rose
$28,400 $15,400 $11,800
(lock tournament)

[wagering suggestions for these scores]

Final Jeopardy! Round responses

AMERICAN HISTORY
(Alex: [Revealing Rose's response] You crossed off Taylor and then you wrote [*] and you squeezed him in. The future state of Iowa came to us as part of the Louisiana Purchase, and the man who was President was [*]. You're right.)
RoseWho is Taylor Jefferson?
$11,800
CatherineWho was Thomas Jefferson
$5,600
ElyseWho is Jefferson?
$28,000
Thomas Jefferson

Final scores:

Elyse Catherine Rose
$56,400 $21,000 $23,600

Cumulative scores:

Elyse Catherine Rose
$79,600 $31,000 $36,000
Tournament champion: $79,600 2nd runner-up: $31,000 1st runner-up: $36,000

Game dynamics:

Coryat scores:

Elyse Catherine Rose
$25,200 $12,800 $9,000
22 R
(including 1 DD),
0 W
21 R
(including 1 DD),
3 W
15 R
(including 1 DD),
1 W

Combined Coryat: $47,000

[game clues] [game scores] [suggest correction]

Game tape date: 2012-04-20
The J! Archive is created by fans, for fans. Scraping, republication, monetization, and malicious use prohibited; this site may use cookies and collect identifying information. See terms. The Jeopardy! game show and all elements thereof, including but not limited to copyright and trademark thereto, are the property of Jeopardy Productions, Inc. and are protected under law. This website is not affiliated with, sponsored by, or operated by Jeopardy Productions, Inc. Join the discussion at JBoard.tv.